Le classement FIFA masculin 2024 - Statistiques

Statistiques générales
  • Ce quiz a été pris 257 fois
  • Le résultat moyen est 13 sur 15
Statistiques - réponses
Nation % Correct
#2 France
100%
#1 Argentine
99%
#5 Brésil
99%
#3 Espagne
98%
#4 Angleterre
95%
#9 Italie
95%
#10 Allemagne
94%
#6 Portugal
94%
#8 Belgique
92%
#7 Pays-Bas
87%
#14 Maroc
82%
#13 Croatie
75%
#11 Uruguay
72%
#15 Japon
65%
#12 Colombie
61%
Aucun quiz correspondant
Distribution des résultats
% des personnes avec chaque résultat
Percentile par nombre de réponses
Votre historique - résultats
Vous n’avez pas pris ce quiz